Score 0/24 Timer 03:00
0 Plays Today
Clue 4-Letter Word % Correct
Disney film: 'The ____ King'LION
98.1%
Neil Armstrong was the first man on thisMOON
96.9%
'Barney' song: 'I ____ You'LOVE
94%
Cow soundsMOOS
92.6%
More than average heightTALL
90.8%
Kate ____, English modelMOSS
90.5%
Breath of sadness✮SIGH✮
90.5%
Foolish personLOON
90.2%
Dirty state of thingsMESS
87.6%
New York MLB teamMETS
87.3%
CorridorHALL
86.8%
Small, sheltered bayCOVE
86.8%
Clue 4-Letter Word % Correct
Large, underground chamberCAVE
84.9%
Light-gathering device of a cameraLENS
83.2%
Narrow roadLANE
81.6%
____ Starr, protagonist in 'Spaceballs'LONE
77.2%
Something that suggests the presenceSIGN
76.8%
Contribute something toLEND
76%
Area of groundLAND
75.1%
'*[Rung 1]* ____ [Rung 20] a [Rung 24]', way to start a serious discussion✮LET'S✮
74.5%
The citadel of ancient Jerusalem (alternate)SION
73.4%
Strong and healthyHALE
70.7%
'*[Rung 1]* [Rung 11] ____ a [Rung 24]', way to start a serious discussion✮HAVE✮
69.9%
'*[Rung 1]* [Rung 11] [Rung 20] a ____', way to start a serious discussion✮TALK✮
68%

Today's Daily Dose

Remove Ads.
Support Sporcle.
Get the best of Sporcle when you Go Orange. This ad-free experience offers more features, more stats, and more fun while also helping to support Sporcle. Thank you for becoming a member.

You're not logged in!

Compare scores with friends on all Sporcle quizzes.
OR
Log In

Show Comments

Extras

Top Quizzes Today


Score Distribution

Your Account Isn't Verified!

In order to create a playlist on Sporcle, you need to verify the email address you used during registration. Go to your Sporcle Settings to finish the process.

Report this User

Report this user for behavior that violates our Community Guidelines.

Details: